00326nam a2200121Ia 4500008004100000041000800041082001500049100001900064245004500083260004100128300002600169365000900195240624s9999 xx 000 0 und d aeng a332.6 MIL  aMILES ROBERT P a101 REASONS TO OWN THE WORLDS GREATEST I c2001aNew DelhibJohn Wiley and Sons axviii, 249 p.; 22 cm. cb28